[Event "OPEN Stare Mesto"]
[Site "?"]
[Date "2003.08.15"]
[Round "9"]
[White "Kludacz, Magdalena"]
[Black "Kapusta, P."]
[Result "1-0"]
[WhiteElo "2209"]
[BlackElo "2070"]
[PlyCount "79"]
[EventDate "2003.08.13"]
[SourceDate "2003.08.08"]

1. d4 Nf6 2. c4 g6 3. Nc3 Bg7 4. e4 d6 5. f3 O-O 6. Bg5 a6 7. a4 c6 8. Qd2 Nbd7
9. Nh3 e5 10. Rd1 Qa5 11. d5 Nc5 12. dxc6 Bxh3 13. cxb7 Rab8 14. gxh3 Rxb7 15.
Nd5 Qxd2+ 16. Rxd2 Nxd5 17. cxd5 Rfb8 18. Be3 Nxa4 19. Bxa6 Rb3 20. Rd3 Rxb2
21. O-O Rc2 22. Rf2 Rbb2 23. Rxc2 Rxc2 24. Rb3 f5 25. Rb8+ Kf7 26. Rb7+ Kf6 27.
f4 Rc3 28. Bf2 Rc1+ 29. Kg2 fxe4 30. Bh4+ g5 31. fxg5+ Kg6 32. Bb5 Rc2+ 33. Kf1
Rc1+ 34. Kf2 h6 35. Be8+ Kh7 36. g6+ Kh8 37. Bxa4 Rc8 38. Be7 Bf8 39. Bf6+ Kg8
40. Bd7 1-0

[Event "OPEN Stare Mesto"]
[Site "?"]
[Date "2003.08.15"]
[Round "9"]
[White "Obrochta, B."]
[Black "Medunova, V."]
[Result "1/2-1/2"]
[WhiteElo "2060"]
[BlackElo "2180"]
[PlyCount "78"]
[EventDate "2003.08.13"]
[SourceDate "2003.08.08"]

1. e4 c5 2. Nc3 Nc6 3. Nf3 d6 4. d4 cxd4 5. Nxd4 e5 6. Nf5 Bxf5 7. exf5 Nf6 8.
Bg5 Be7 9. Bc4 O-O 10. Bxf6 Bxf6 11. Nd5 Rc8 12. O-O Re8 13. c3 a6 14. Re1 e4
15. Bb3 Re5 16. Qg4 Na5 17. Rxe4 Nxb3 18. Rxe5 Nxa1 19. Re8+ Qxe8 20. Nxf6+ Kf8
21. Nxe8 Rxe8 22. Qd1 Nc2 23. Kf1 Re1+ 24. Qxe1 Nxe1 25. Kxe1 Ke7 26. g4 Kf6
27. f4 h5 28. h3 hxg4 29. hxg4 d5 30. Ke2 Ke7 31. Kd3 f6 32. a4 Kd6 33. a5 Kc5
34. b3 Kc6 35. Kd4 Kd6 36. b4 Kc6 37. c4 dxc4 38. Kxc4 b5+ 39. Kd4 Kd6 1/2-1/2

[Event "OPEN Stare Mesto"]
[Site "?"]
[Date "2003.08.16"]
[Round "10"]
[White "Sosna, J.."]
[Black "Mudrak, J.."]
[Result "0-1"]
[WhiteElo "2428"]
[BlackElo "2379"]
[PlyCount "126"]
[EventDate "2003.08.13"]
[SourceDate "2003.08.08"]

1. d4 Nf6 2. Nf3 g6 3. Bg5 Bg7 4. Nbd2 d5 5. e3 O-O 6. Bd3 c5 7. c3 b6 8. O-O
Nbd7 9. a4 Bb7 10. a5 c4 11. Bc2 b5 12. Qe2 h6 13. Bxf6 exf6 14. g4 Re8 15. Kh1
Nf8 16. Rg1 Bc8 17. Nf1 Rb8 18. h3 b4 19. Ng3 Ne6 20. Nd2 bxc3 21. bxc3 Nf4 22.
Qf1 Rb2 23. Qc1 Rxc2 24. Qxc2 Nxh3 25. Rg2 Bxg4 26. f3 Bc8 27. Ndf1 h5 28. Qb2
h4 29. Ne2 Ng5 30. Ng1 Bf5 31. Qf2 h3 32. Rh2 Bf8 33. Ng3 Qd7 34. N1e2 Bd6 35.
Rg1 Bc7 36. a6 Kf8 37. Rf1 Bd3 38. Re1 Qe6 39. Nc1 Qd6 40. Nxd3 Qxg3 41. f4 Ne4
42. Qxg3 Nxg3+ 43. Kg1 cxd3 44. Rxh3 d2 45. Rd1 Rxe3 46. Kg2 Bxf4 47. Rxd2 Rxc3
48. Rb2 Kg7 49. Rb7 Rc7 50. Kf3 g5 51. Rxc7 Bxc7 52. Rh2 Bb6 53. Rb2 Bxd4 54.
Rb5 Nf5 55. Rxd5 Nh4+ 56. Ke2 Bb6 57. Rd6 Bc5 58. Rd5 Bg1 59. Kf1 Nf3 60. Kg2
g4 61. Kg3 Ne5 62. Rd1 Be3 63. Re1 Bf2+ 0-1

[Event "OPEN Stare Mesto"]
[Site "?"]
[Date "2003.08.16"]
[Round "10"]
[White "Dobrev, N.."]
[Black "Johansson, J.."]
[Result "0-1"]
[WhiteElo "2382"]
[BlackElo "2396"]
[PlyCount "120"]
[EventDate "2003.08.13"]
[SourceDate "2003.08.08"]

1. d4 Nf6 2. Nf3 e6 3. c4 Bb4+ 4. Nbd2 b6 5. a3 Bxd2+ 6. Bxd2 Bb7 7. Bg5 h6 8.
Bh4 d6 9. e3 Nbd7 10. Be2 g5 11. Bg3 Ne4 12. Qc2 f5 13. d5 e5 14. Nd2 Ndf6 15.
Nxe4 Nxe4 16. Bh5+ Ke7 17. f3 Nxg3 18. hxg3 Qf8 19. f4 Qf6 20. O-O-O Raf8 21.
Rde1 Kd8 22. e4 Bc8 23. Qc3 gxf4 24. gxf4 fxe4 25. fxe5 dxe5 26. Kb1 Rhg8 27.
Ka1 Rxg2 28. Rxe4 Rg5 29. c5 bxc5 30. Qxc5 Qd6 31. Qxa7 Rxh5 32. Rc1 Rhf5 33.
Rec4 Rf1 34. Rxc7 Rxc1+ 35. Rxc1 Bd7 36. Qa5+ Ke7 37. Rg1 Rf4 38. Rg8 Kf7 39.
Rg1 Qf6 40. Ka2 Rg4 41. Rd1 Kg8 42. Qc7 Rg7 43. Re1 Re7 44. Qd8+ Kh7 45. Rf1
Qd6 46. Ka1 Rg7 47. Qa5 Bg4 48. Qd2 Rd7 49. Qg2 h5 50. Qe4+ Kg7 51. Qe3 Rf7 52.
Qg5+ Kf8 53. Re1 Qxd5 54. Qh6+ Ke7 55. Qg5+ Kd7 56. Qc1 Rf4 57. Qe3 Rd4 58. Rc1
Be6 59. Kb1 Qa2+ 60. Kc2 Bf5+ 0-1

[Event "OPEN Stare Mesto"]
[Site "?"]
[Date "2003.08.16"]
[Round "10"]
[White "Grabarczyk, M.."]
[Black "Bazant, P jr."]
[Result "0-1"]
[WhiteElo "2508"]
[BlackElo "2355"]
[PlyCount "77"]
[EventDate "2003.08.13"]
[SourceDate "2003.08.08"]

1. d4 d5 2. c4 e6 3. Nf3 Nd7 4. Qc2 Ngf6 5. Bg5 Be7 6. g3 O-O 7. Bg2 c6 8. O-O
Ne4 9. Bxe7 Qxe7 10. Nbd2 f5 11. Rac1 Ndf6 12. Ne5 Bd7 13. Nxe4 Nxe4 14. Bxe4
fxe4 15. f3 exf3 16. exf3 dxc4 17. Qxc4 Rad8 18. Qc5 Qxc5 19. dxc5 Bc8 20. Rfd1
Rd5 21. f4 Rfd8 22. Rxd5 exd5 23. Kf2 Bf5 24. g4 Be4 25. Ke3 Re8 26. Kd4 Re6
27. Rc3 Re7 28. Ra3 a6 29. Re3 Kf8 30. h4 Ke8 31. Nc4 Kd7 32. Nd6 Bb1 33. Rxe7+
Kxe7 34. a3 b5 35. Ke5 h6 36. b4 Bc2 37. f5 Bd1 38. g5 hxg5 39. hxg5 0-1

[Event "OPEN Stare Mesto"]
[Site "?"]
[Date "2003.08.16"]
[Round "10"]
[White "Michenka, J.."]
[Black "Wiley, T.."]
[Result "0-1"]
[WhiteElo "2357"]
[BlackElo "2328"]
[PlyCount "80"]
[EventDate "2003.08.13"]
[SourceDate "2003.08.08"]

1. d4 f5 2. g3 Nf6 3. Bg2 e6 4. Nf3 Be7 5. O-O O-O 6. c4 d6 7. b3 Ne4 8. Bb2
Bf6 9. Nfd2 Nxd2 10. Nxd2 e5 11. dxe5 dxe5 12. e4 f4 13. Nf3 Nc6 14. Qd5+ Kh8
15. Rfe1 fxg3 16. hxg3 Qe8 17. Nh2 Be6 18. Qb5 a6 19. Qc5 Be7 20. Qe3 b6 21.
Re2 Bc5 22. Qc3 Qh5 23. Bf3 Rxf3 24. Nxf3 Bg4 25. Nxe5 Nxe5 26. Qxe5 Qxe5 27.
Bxe5 Bxe2 28. Bxc7 Rf8 29. Bf4 g5 30. Be3 Bxe3 31. fxe3 Re8 32. Kf2 Bg4 33. a4
Rxe4 34. a5 Re6 35. b4 Kg7 36. b5 bxa5 37. Rxa5 axb5 38. Rxb5 h6 39. c5 Rf6+
40. Ke1 Bf3 0-1

[Event "OPEN Stare Mesto"]
[Site "?"]
[Date "2003.08.16"]
[Round "10"]
[White "Jasny, S.."]
[Black "Volodin, V.."]
[Result "1-0"]
[WhiteElo "2319"]
[BlackElo "2283"]
[PlyCount "137"]
[EventDate "2003.08.13"]
[SourceDate "2003.08.08"]

1. e4 c5 2. Nf3 Nc6 3. d4 cxd4 4. Nxd4 Nf6 5. Nc3 e5 6. Ndb5 d6 7. Bg5 a6 8.
Na3 b5 9. Bxf6 gxf6 10. Nd5 Bg7 11. c3 f5 12. exf5 Bxf5 13. Nc2 Be6 14. Nce3
Ne7 15. g3 Nxd5 16. Nxd5 O-O 17. Bg2 a5 18. O-O Rb8 19. Qd2 f5 20. f4 Qd7 21.
a3 Kh8 22. Rad1 Rbd8 23. Qf2 e4 24. Qb6 a4 25. Rf2 Rb8 26. Qc7 Qxc7 27. Nxc7
Bc4 28. Nd5 Bb3 29. Rdd2 Rf7 30. Ne3 Bf8 31. Nd5 Bg7 32. Rfe2 Re8 33. Kf2 Rc8
34. Bh3 Rc5 35. Ne3 Bf8 36. Re1 Be7 37. Rd4 Bf8 38. Bf1 Be6 39. Red1 Bb3 40.
R1d2 Be6 41. c4 bxc4 42. Bxc4 Bxc4 43. Rxc4 Rxc4 44. Nxc4 Rb7 45. Rd5 Bg7 46.
Rxf5 Bxb2 47. Ke3 Bxa3 48. Nxa3 Rb3+ 49. Kxe4 Rxa3 50. Rd5 Rb3 51. Rxd6 Kg7 52.
Ra6 a3 53. Kf5 Rb5+ 54. Kg4 Rb3 55. f5 Rb2 56. Kg5 Rxh2 57. Ra7+ Kf8 58. Rxa3
Rb2 59. Ra8+ Kf7 60. Ra7+ Kg8 61. g4 Rb6 62. Re7 Ra6 63. Re6 Ra4 64. Rb6 Kf7
65. Rb7+ Kg8 66. Kf6 h6 67. g5 hxg5 68. Kg6 Ra8 69. f6 1-0

[Event "OPEN Stare Mesto"]
[Site "?"]
[Date "2003.08.16"]
[Round "10"]
[White "Grabarczyk, B.."]
[Black "Kludacz, M.."]
[Result "1-0"]
[WhiteElo "2444"]
[BlackElo "2209"]
[PlyCount "139"]
[EventDate "2003.08.13"]
[SourceDate "2003.08.08"]

1. e4 e6 2. d4 d5 3. Nc3 Bb4 4. e5 c5 5. a3 Bxc3+ 6. bxc3 Qc7 7. Nf3 Nd7 8. a4
cxd4 9. cxd4 Nb6 10. Bd3 Bd7 11. a5 Nc4 12. O-O h6 13. Nd2 Bb5 14. Qg4 g6 15.
Qf4 a6 16. Nb3 Ne7 17. Re1 Rh7 18. h4 h5 19. Qg3 O-O-O 20. Bg5 Re8 21. Qf4 Kb8
22. Reb1 Ka7 23. Bxe7 Qxe7 24. Nc5 Rb8 25. Bxc4 Bxc4 26. Rb6 Rhh8 27. Qf6 Qxf6
28. exf6 Bb5 29. Ra3 Rhc8 30. Kh2 Rc7 31. Kg3 e5 32. c3 Re8 33. Rd6 Bc4 34. Ra1
exd4 35. cxd4 Re2 36. Nd7 Rd2 37. Nb6 Rc6 38. Rd8 Rxb6 39. axb6+ Kxb6 40. Rd7
Rxd4 41. f3 Bb5 42. Rxf7 Rc4 43. Rd1 Rc8 44. Rxd5 Bc4 45. Rd6+ Kc5 46. Rfd7 a5
47. f7 Bxf7 48. Rf6 Be8 49. Rxb7 a4 50. Ra7 Kb4 51. Rb6+ Ka3 52. Kf4 Ka2 53.
Ra5 a3 54. Re6 Rc4+ 55. Kg5 Ba4 56. Kxg6 Kb2 57. Re2+ Bc2+ 58. Kxh5 a2 59. g4
Kb3 60. Rxa2 Kxa2 61. f4 Kb3 62. f5 Bd1 63. Rg2 Rf4 64. Kg5 Rf1 65. h5 Kc4 66.
h6 Rh1 67. Kg6 Kd4 68. Kg7 Ke4 69. h7 Kf3 70. Rd2 1-0

[Event "OPEN Stare Mesto"]
[Site "?"]
[Date "2003.08.16"]
[Round "10"]
[White "Blumel, O.."]
[Black "Hausner, I.."]
[Result "1-0"]
[WhiteElo "2208"]
[BlackElo "2441"]
[PlyCount "75"]
[EventDate "2003.08.13"]
[SourceDate "2003.08.08"]

1. e4 Nf6 2. Bc4 c6 3. e5 d5 4. Be2 Nfd7 5. d4 e6 6. Nf3 c5 7. c3 Be7 8. O-O
Nc6 9. Re1 a5 10. Na3 cxd4 11. cxd4 Nb6 12. Nb5 Bd7 13. h4 h6 14. h5 Rc8 15. a3
a4 16. Bd2 Nc4 17. Bxc4 dxc4 18. Nc3 Na5 19. d5 Nb3 20. Rb1 exd5 21. Nxd5 Bc5
22. Nc3 O-O 23. Ne4 Bg4 24. Be3 Bxh5 25. Bxc5 Nxc5 26. Nd6 Rc7 27. Nxc4 Bg6 28.
Qxd8 Rxd8 29. Rbd1 Rxd1 30. Rxd1 Nd3 31. Nb6 Nxb2 32. Rd8+ Kh7 33. Nd7 h5 34.
Ng5+ Kh6 35. f4 Bd3 36. Nxf7+ Kg6 37. e6 Bb5 38. Nfe5+ 1-0

[Event "OPEN Stare Mesto"]
[Site "?"]
[Date "2003.08.16"]
[Round "10"]
[White "Kireev, A.."]
[Black "Zpevak, P.."]
[Result "1-0"]
[WhiteElo "2276"]
[BlackElo "2405"]
[PlyCount "80"]
[EventDate "2003.08.13"]
[SourceDate "2003.08.08"]

1. d4 c5 2. c3 e6 3. Nf3 Nc6 4. Bg5 Qb6 5. Qb3 d5 6. e3 Nf6 7. Nbd2 Be7 8. Be2
h6 9. Bh4 Bd7 10. O-O Rc8 11. Rac1 g5 12. Bg3 Nh5 13. Qxb6 axb6 14. Rfd1 Nxg3
15. hxg3 Bf6 16. Nb3 Ra8 17. a3 Na5 18. Nbd2 Ke7 19. Re1 Rhc8 20. g4 Rc7 21. g3
Bg7 22. Kg2 Rac8 23. Bd3 Nc6 24. Rcd1 Re8 25. Bb1 Kf8 26. Nb3 Ne7 27. Rd2 f6
28. Nh2 Nc8 29. f3 Nd6 30. Rf2 Ke7 31. Nf1 e5 32. e4 dxe4 33. Bxe4 Nxe4 34.
Rxe4 Be6 35. dxe5 fxe5 36. Nbd2 c4 37. Ne3 b5 38. Nf5+ Kf6 39. Nd6 Rd8 40. Nxb5
Rc5 1-0

[Event "OPEN Stare Mesto"]
[Site "?"]
[Date "2003.08.16"]
[Round "10"]
[White "Karlik, V.."]
[Black "Civin, T.."]
[Result "1/2-1/2"]
[WhiteElo "2286"]
[BlackElo "2383"]
[PlyCount "27"]
[EventDate "2003.08.13"]
[SourceDate "2003.08.08"]

1. d4 Nf6 2. Nf3 g6 3. g3 Bg7 4. Bg2 O-O 5. O-O d6 6. b3 Nbd7 7. Bb2 e5 8. dxe5
Ng4 9. h3 Nh6 10. Qd2 dxe5 11. Rd1 f6 12. Nc3 Nf7 13. a4 Re8 14. e4 1/2-1/2

[Event "OPEN Stare Mesto"]
[Site "?"]
[Date "2003.08.16"]
[Round "10"]
[White "Bazant, P sr."]
[Black "Buran , J.."]
[Result "1-0"]
[WhiteElo "2333"]
[BlackElo "2203"]
[PlyCount "87"]
[EventDate "2003.08.13"]
[SourceDate "2003.08.08"]

1. d4 Nf6 2. c4 g6 3. Nc3 Bg7 4. e4 d6 5. f3 O-O 6. Be3 Nc6 7. Nge2 a6 8. Qd2
Rb8 9. Nc1 e5 10. d5 Nd4 11. Nb3 c5 12. dxc6 bxc6 13. Nxd4 exd4 14. Bxd4 d5 15.
cxd5 cxd5 16. e5 Nd7 17. f4 f6 18. e6 Qe7 19. Be2 Nc5 20. O-O Bxe6 21. Qe3 Rfc8
22. f5 gxf5 23. Nxd5 Qf8 24. Nf4 Bf7 25. Nh5 Ne6 26. Nxg7 Nxd4 27. Qxd4 Kxg7
28. Rxf5 Bg6 29. Rf2 Rd8 30. Qc3 Qe7 31. Raf1 Qe5 32. Qxe5 fxe5 33. Bxa6 Rd4
34. b3 e4 35. Re1 Rb6 36. Bc4 Rf6 37. a4 Be8 38. a5 Bc6 39. a6 Rd7 40. Rxf6
Kxf6 41. Kf2 Ke5 42. Ke3 Rg7 43. Re2 Kd6 44. b4 1-0

[Event "OPEN Stare Mesto"]
[Site "?"]
[Date "2003.08.16"]
[Round "10"]
[White "Rubal, A.."]
[Black "Vavruska, A.."]
[Result "1/2-1/2"]
[WhiteElo "2229"]
[BlackElo "2133"]
[PlyCount "91"]
[EventDate "2003.08.13"]
[SourceDate "2003.08.08"]

1. d4 e6 2. c4 f5 3. g3 Nf6 4. Bg2 Be7 5. Nf3 d6 6. O-O O-O 7. Nc3 Qe8 8. Re1
d5 9. Bg5 c6 10. Bxf6 Bxf6 11. cxd5 exd5 12. e3 Nd7 13. b4 Nb6 14. Nd2 Be6 15.
a4 Nc8 16. b5 Nd6 17. bxc6 bxc6 18. Nb3 Ne4 19. Rc1 Be7 20. Re2 Ba3 21. Rcc2
Bf7 22. f3 Nd6 23. Qa1 Nc4 24. Nd2 Bb4 25. Nxc4 dxc4 26. Qc1 Qd7 27. Nd1 Rab8
28. Nb2 c3 29. Nd3 Bb3 30. Nxb4 Rxb4 31. Rxc3 Bxa4 32. Rc4 Rfb8 33. Rxb4 Rxb4
34. Qc5 Rb1+ 35. Kf2 Bb3 36. f4 Bd5 37. Bxd5+ Qxd5 38. Qxd5+ cxd5 39. Ra2 Rb7
40. Ra6 Rd7 41. Kf3 Kf7 42. g4 fxg4+ 43. Kxg4 Ke8 44. Kf5 Re7 45. Ra5 Kf7 46.
Rxd5 1/2-1/2

[Event "OPEN Stare Mesto"]
[Site "?"]
[Date "2003.08.16"]
[Round "10"]
[White "Rojicek, V.."]
[Black "Vesselovsky, S.."]
[Result "1-0"]
[WhiteElo "2117"]
[BlackElo "2444"]
[PlyCount "77"]
[EventDate "2003.08.13"]
[SourceDate "2003.08.08"]

1. e4 c5 2. Nf3 g6 3. d4 Bg7 4. Nc3 cxd4 5. Nxd4 Nc6 6. Be3 Nf6 7. Bc4 O-O 8.
Bb3 d6 9. f3 Bd7 10. Qd2 Qc7 11. h4 Na5 12. h5 Nc4 13. Bxc4 Qxc4 14. hxg6 fxg6
15. O-O-O Rfc8 16. Bh6 Bh8 17. Bg5 Qf7 18. Bxf6 Bxf6 19. Nd5 Bg7 20. Qg5 Re8
21. Nc7 Qxa2 22. Qd5+ Qxd5 23. exd5 h5 24. Rhe1 Kf7 25. Nde6 Bf6 26. Rd3 Rac8
27. Nxe8 Bxe8 28. Re4 a5 29. Ra3 b6 30. Kb1 Bd7 31. Ree3 a4 32. Re4 b5 33. Rb4
g5 34. Re3 Kg6 35. Ree4 Be5 36. c4 bxc4 37. Rexc4 Ra8 38. Ka2 Ra5 39. Nf8+ 1-0

[Event "OPEN Stare Mesto"]
[Site "?"]
[Date "2003.08.16"]
[Round "10"]
[White "Sitnik, I.."]
[Black "Hodovsky, J.."]
[Result "1/2-1/2"]
[WhiteElo "2258"]
[BlackElo "2131"]
[PlyCount "76"]
[EventDate "2003.08.13"]
[SourceDate "2003.08.08"]

1. d4 Nf6 2. c4 g6 3. Nc3 Bg7 4. e4 d6 5. Nf3 O-O 6. Be2 e5 7. O-O Nc6 8. d5
Ne7 9. Ne1 Nd7 10. Nd3 f5 11. Bd2 Nf6 12. f3 c5 13. a3 f4 14. b4 b6 15. bxc5
bxc5 16. Rb1 g5 17. Nf2 Ng6 18. Rb2 h5 19. h3 Nh4 20. Qa4 Bd7 21. Qa6 g4 22.
hxg4 hxg4 23. fxg4 Nxg4 24. Nxg4 Qg5 25. Qxd6 Rad8 26. Qxc5 Bxg4 27. Bxg4 Qxg4
28. Be1 f3 29. Bxh4 fxg2 30. Rxg2 Rxf1+ 31. Kxf1 Qxh4 32. Qg1 Qh3 33. Ke2 Qxc3
34. Rxg7+ Kh8 35. Qg6 Qxc4+ 36. Ke1 Qc1+ 37. Kf2 Qd2+ 38. Kg3 Qe3+ 1/2-1/2

[Event "OPEN Stare Mesto"]
[Site "?"]
[Date "2003.08.16"]
[Round "10"]
[White "Stuchly, R.."]
[Black "Rachela, M.."]
[Result "0-1"]
[WhiteElo "2070"]
[BlackElo "2213"]
[PlyCount "62"]
[EventDate "2003.08.13"]
[SourceDate "2003.08.08"]

1. e4 c5 2. Nf3 Nf6 3. d3 d6 4. g3 g6 5. Bg2 Bg7 6. O-O O-O 7. c3 Nc6 8. a4 d5
9. Nbd2 dxe4 10. dxe4 Qc7 11. Qc2 h6 12. Re1 Be6 13. Bf1 Rad8 14. Bc4 Qc8 15.
Rb1 Bxc4 16. Nxc4 Qe6 17. Nfd2 Rd7 18. b3 Qh3 19. Nf3 Ng4 20. Bb2 f5 21. Rbd1
Rxd1 22. Rxd1 f4 23. Qe2 h5 24. Qf1 Qxf1+ 25. Rxf1 fxg3 26. fxg3 a6 27. Nb6 Ne3
28. Rf2 Nd1 29. Nd7 Rf7 30. Ba3 Nxf2 31. Kxf2 e6 0-1

[Event "OPEN Stare Mesto"]
[Site "?"]
[Date "2003.08.16"]
[Round "10"]
[White "Medunova, V.."]
[Black "Stehlik, J.."]
[Result "1-0"]
[WhiteElo "2180"]
[BlackElo "2089"]
[PlyCount "133"]
[EventDate "2003.08.13"]
[SourceDate "2003.08.08"]

1. e4 c5 2. Nf3 Nc6 3. d4 cxd4 4. Nxd4 g6 5. Nc3 Bg7 6. Be3 Nf6 7. Nxc6 bxc6 8.
e5 Ng8 9. Bd4 Qa5 10. e6 f6 11. exd7+ Bxd7 12. Qd3 Nh6 13. O-O-O Rd8 14. Qa6
Qxa6 15. Bxa6 Nf5 16. Bc5 Bh6+ 17. Kb1 Bf4 18. Rhe1 h5 19. g3 Bb8 20. Bc4 Bc8
21. Rxd8+ Kxd8 22. Bd3 Re8 23. Be4 Bd7 24. Rd1 Kc7 25. b3 g5 26. Rxd7+ Kxd7 27.
Bxf5+ Kd8 28. Ne4 h4 29. Bd4 hxg3 30. hxg3 Rh8 31. c4 Rh1+ 32. Kc2 Ke8 33. Nc5
Rh2 34. Kd3 Rh1 35. Bd7+ Kf7 36. Bxc6 Rd1+ 37. Ke3 e5 38. Bc3 Rc1 39. Kd2 Rf1
40. Nd3 Ke6 41. g4 Rg1 42. Bb7 Kf7 43. Bc8 e4 44. Nc5 Bf4+ 45. Ke2 Rc1 46. Nxe4
Rc2+ 47. Kf3 Rxa2 48. Bd7 Ra3 49. Ba4 Ra2 50. Bxf6 Kg6 51. Bd4 a6 52. Be8+ Kh6
53. Ba4 Kg6 54. Nc5 a5 55. Nb7 Bc7 56. Bc3 Bb6 57. Be1 Ra1 58. Bxa5 Bd4 59. c5
Rf1 60. Bd7 Rxf2+ 61. Ke4 Bf6 62. c6 Rf4+ 63. Ke3 Be5 64. c7 Bxc7 65. Bxc7 Rb4
66. Nc5 Kf6 67. Kd3 1-0

[Event "OPEN Stare Mesto"]
[Site "?"]
[Date "2003.08.16"]
[Round "10"]
[White "Valenta, V.."]
[Black "Obrochta , B.."]
[Result "1-0"]
[WhiteElo "2176"]
[BlackElo "2060"]
[PlyCount "77"]
[EventDate "2003.08.13"]
[SourceDate "2003.08.08"]

1. e4 c6 2. d4 d5 3. Nc3 dxe4 4. Nxe4 Bf5 5. Ng3 Bg6 6. h4 h6 7. Nf3 Nd7 8. h5
Bh7 9. c3 e6 10. Bf4 Ngf6 11. Ne2 Nd5 12. Bg3 Qb6 13. Qd2 Be7 14. Ne5 N7f6 15.
Nf4 Ne4 16. Nxd5 cxd5 17. Qe2 Nxg3 18. fxg3 Bd6 19. g4 f6 20. Nd3 Bg3+ 21. Kd1
O-O-O 22. Nc5 Rhe8 23. b4 e5 24. Qf3 Bf4 25. Bd3 Bxd3 26. Qxd3 e4 27. Qf1 Qc7
28. Kc2 Kb8 29. a4 Bd6 30. Qe2 Ka8 31. a5 a6 32. Rhb1 Rc8 33. Na4 Ka7 34. b5
axb5 35. Qxb5 Qc6 36. Qb3 e3 37. Nb6 Ka6 38. Nxc8 Rxc8 39. Qb6+ 1-0